| 000 | 00924nam a22002777a 4500 | ||
|---|---|---|---|
| 003 | dpl | ||
| 005 | 20180523134948.0 | ||
| 008 | 180523b xxu||||| |||| 00| 0 eng d | ||
| 010 | _aA-934383 | ||
| 020 |
_c00.00 _a8173870772 |
||
| 035 | _aA-934383, A-934385 | ||
| 037 | _bCen Lib/Ret | ||
| 040 |
_aDPL _bEN _c0 |
||
| 082 |
_a954.15 _bMEH |
||
| 100 |
_aMehta, Soli _927993 |
||
| 245 |
_aExploring the hidden Himalaya / _cby Soli Mehta [and] Harish Kapadia |
||
| 250 | _a2nd rev ed | ||
| 260 |
_bIndus Publishing Company _aNew Delhi _c1998 |
||
| 270 |
_aFS-5, Tagore Garden _bNew Delhi _e110027 |
||
| 300 |
_a190p. : _c20cm(Hb) _bill. |
||
| 500 | _aIncludes bibliographical references and index | ||
| 650 |
_aAsia -- Himalayas - Visitors' guides _927994 |
||
| 650 |
_aMountaineering -- Himalaya Mountains -- Guidebooks _927995 |
||
| 700 |
_aKapadia, Harish _925006 |
||
| 942 |
_2ddc _cEN _h954.15 _mMEH |
||
| 999 |
_c129988 _d129988 |
||